00613nam a2200205Ia 450000500170000000800410001704000190005804100120007708200130008910000230010224500780012526000310020330000090023450400190024365000170026285000100027994200070028999900170029695200940031320260618135520.0131103s9999 xx 000 0 und d aLoreto College aEnglish a232bGAL aGallwey, Father P. 4aThe watches of the sacred passion with before and aftercFather P.Gallwey aLondonbArt and bookc1902 aV.2  aIncludes index aChristianity aLCLIB cBK c25706d76185 00102ddc4070aMAINbMAINd2013-11-04l0o232 GALpB28546r2013-11-04w2013-11-04yBKf